| 000 | 00926nam a22002177a 4500 | ||
|---|---|---|---|
| 003 | OSt | ||
| 005 | 20260304050623.0 | ||
| 008 | 260304b |||||||| |||| 00| 0 eng d | ||
| 020 | _a0689808828 | ||
| 040 |
_aDWCL GS lib _cOC |
||
| 082 | _aFic. P285h 1987 | ||
| 100 | _aPaulsen, Gary | ||
| 245 |
_aHATCHET _cGary Paulsen |
||
| 260 |
_aUnited States _bBradbury Press _cc1987. |
||
| 300 |
_avii, 195 pages: _billustrations _c22cm. |
||
| 520 | _aa young adult novel about 13-year-old Brian Robeson, who survives a plane crash in the Canadian wilderness while traveling to visit his father. Alone with only a hatchet, Brian undergoes a 54-day, transformative ordeal, learning to find food, build shelter, and create fire, ultimately maturing from a dependent city boy into a resilient, self-sufficient survivor. | ||
| 546 | _aEnglish | ||
| 650 | _aYoung adult Novel | ||
| 700 | _aGary Paulsen | ||
| 942 |
_2ddc _cFIC. _hFic. _n0 |
||
| 999 |
_c8606 _d8606 |
||